Central Library OPAC University of Rajshahi

The transcendent child : (Record no. 59992)

MARC details
000 -LEADER
fixed length control field 00813nam a2200241 a 4500
001 - CONTROL NUMBER
control field 59992
003 - CONTROL NUMBER IDENTIFIER
rucl marc code BD-RjUL
005 - DATE AND TIME OF LATEST TRANSACTION
control field 20211209080807.0
008 - FIXED-LENGTH DATA ELEMENTS--GENERAL INFORMATION
fixed length control field 161228s1996 nyu 000 0deng
020 ## - INTERNATIONAL STANDARD BOOK NUMBER
International Standard Book Number 0465086691
International Standard Book Number 0060977205
035 ## - SYSTEM CONTROL NUMBER
System control number (BD-RjUL)60116
040 ## - CATALOGING SOURCE
Original cataloging agency BD-RjUL
Transcribing agency BD-RjUL
Modifying agency BD-RjUL
Language of cataloging eng
041 ## - LANGUAGE CODE
Language code of text/sound track or separate title eng
082 00 - DEWEY DECIMAL CLASSIFICATION NUMBER
Classification number 362.820973
Edition number 23
Author mark and year RUT 1997
100 1# - MAIN ENTRY--PERSONAL NAME
Personal name Rubin, Lillian B.
9 (RLIN) 178480
245 14 - TITLE STATEMENT
Title The transcendent child :
Remainder of title tales of triumph over the past /
Statement of responsibility, etc. Lillian B. Rubin.
260 ## - PUBLICATION, DISTRIBUTION, ETC. (IMPRINT)
Place of publication, distribution, etc. New York, NY :
Name of publisher, distributor, etc. Harper perennial,
Date of publication, distribution, etc. c1996 [reprinted 1997]
300 ## - PHYSICAL DESCRIPTION
Pagination viii, 229 p. ;
Size 22 cm.
650 #0 - SUBJECT ADDED ENTRY--TOPICAL TERM
Topical term or geographic name as entry element Dysfunctional families
Geographic subdivision United States
Form subdivision Case studies.
9 (RLIN) 178481
Topical term or geographic name as entry element Adult children of dysfunctional families
Geographic subdivision United States
Form subdivision Case studies.
9 (RLIN) 178482
942 ## - ADDED ENTRY ELEMENTS (KOHA)
Source of classification or shelving scheme Dewey Decimal Classification
Koha item type Books
Holdings
Lost status Source of classification or shelving scheme Damaged status Not for loan Collection code Permanent Location Current Location Shelving location Date acquired Source of acquisition Total Checkouts Full call number Date last seen Copy number Koha item type
  Dewey Decimal Classification   Not For Loan Non-fiction Central Library, University of Rajshahi Central Library, University of Rajshahi Reading Room 15/09/1998 Unicef   362.820973 RUT 1997 28/12/2016 C-1 Books